Anuario de estadísticas criminales 1997
Guardat en:
| Format: | Llibre |
|---|---|
| Idioma: | espanyol |
| Publicat: |
Santiago
Fundación Paz Ciudadana
1997
|
| Matèries: | |
| Etiquetes: |
Afegir etiqueta
Sense etiquetes, Sigues el primer a etiquetar aquest registre!
|
MARC
| LEADER | 00000nam a2200000 a 4500 | ||
|---|---|---|---|
| 001 | UCR3004 | ||
| 003 | CL-VaPUC | ||
| 008 | 980123e19970000CL |||||||||||||||||spa|d | ||
| 082 | 0 | 4 | |a 364.102 |b ANU |2 21 |
| 245 | 1 | 0 | |a Anuario de estadísticas criminales 1997 |
| 300 | |a 351 p | ||
| 942 | |c BK | ||
| 945 | |d 19980123 00:00:00 |a jquezada | ||
| 260 | |a Santiago |b Fundación Paz Ciudadana |c 1997 | ||
| 650 | 0 | |a Delitos |9 224143 | |
| 650 | 7 | |a CAUSAS |2 CL-VaPUC |9 397687 | |
| 650 | 0 | |a Denuncias |9 401665 | |
| 650 | 0 | |a Robo |9 383176 | |
| 650 | 7 | |a CONDENAS |2 CL-VaPUC |9 371897 | |
| 650 | 7 | |a JUZGADOS |2 CL-VaPUC |9 401312 | |
| 650 | 7 | |a GENDARMERIA |2 CL-VaPUC |9 401666 | |
| 650 | 7 | |a POBLACION PENAL |2 CL-VaPUC |9 401667 | |
| 650 | 0 | |a Estadística |9 259535 | |
| 583 | |a last modification |c 20130328 13:31:44 |k Rodrigo Vera | ||
| 999 | |c 266120 |d 266118 | ||
| 952 | |0 0 |1 0 |4 0 |6 364_102000000000000_ANU_1997 |7 0 |8 A |9 297453 |a BIBDER |b BIBDER |d 2019-11-20 |i 3393224 |o 364.102 ANU 1997 |p 3393224 |r 2023-01-25 |w 2019-11-20 |y BK |k DER | ||